Нейросетевое выделение и распознавание автомобильных номерных знаков на изображениях со сложным фоном; Современные техника и технологии; Т. 2

Bibliografiske detaljer
Parent link:Современные техника и технологии: сборник трудов XX международной научно-практической конференции студентов, аспирантов и молодых ученых, Томск, 14-18 апреля 2014 г./ Национальный исследовательский Томский политехнический университет (ТПУ).— , 2014
Т. 2.— 2014.— [С. 171-172]
Hovedforfatter: Друки А. А. Алексей Алексеевич
Institution som forfatter: Национальный исследовательский Томский политехнический университет (ТПУ) Институт кибернетики (ИК) Кафедра вычислительной техники (ВТ)
Andre forfattere: Спицын В. Г. Владимир Григорьевич (научный руководитель)
Summary:Заглавие с титульного экрана
Sprog:russisk
Udgivet: 2014
Serier:Информатика и управление в технических системах
Fag:
Online adgang:http://earchive.tpu.ru/handle/11683/20793
http://www.lib.tpu.ru/fulltext/c/2014/C01/V2/083.pdf
Format: MixedMaterials Electronisk Book Chapter
KOHA link:https://koha.lib.tpu.ru/cgi-bin/koha/opac-detail.pl?biblionumber=606861

MARC

LEADER 00000naa2a2200000 4500
001 606861
005 20260306095341.0
035 |a (RuTPU)RU\TPU\conf\4240 
035 |a RU\TPU\conf\4236 
090 |a 606861 
100 |a 20140619d2014 k y0rusy50 ca 
101 0 |a rus 
102 |a RU 
135 |a drcn ---uucaa 
181 0 |a i  
182 0 |a b 
200 1 |a Нейросетевое выделение и распознавание автомобильных номерных знаков на изображениях со сложным фоном  |f А. А. Друки  |g науч. рук. В. Г. Спицын 
203 |a Текст  |c электронный 
225 1 |a Информатика и управление в технических системах 
300 |a Заглавие с титульного экрана 
320 |a [Библиогр.: с. 172 (4 назв.)] 
337 |a Adobe Reader 
461 1 |0 (RuTPU)RU\TPU\conf\3687  |t Современные техника и технологии  |o сборник трудов XX международной научно-практической конференции студентов, аспирантов и молодых ученых, Томск, 14-18 апреля 2014 г.  |o в 3 т.  |f Национальный исследовательский Томский политехнический университет (ТПУ)   |d 2014 
463 1 |0 (RuTPU)RU\TPU\conf\3689  |t Т. 2  |v [С. 171-172]  |d 2014 
610 1 |a труды учёных ТПУ 
610 1 |a электронный ресурс 
610 1 |a нейросетевые технологии 
610 1 |a распознавание 
610 1 |a автомобильные номера 
610 1 |a изображения 
610 1 |a алгоритм распознавания 
700 1 |a Друки  |b А. А.  |c специалист в области информатики и вычислительной техники  |c ассистент Томского политехнического университета, инженер  |f 1985-  |g Алексей Алексеевич  |3 (RuTPU)RU\TPU\pers\28638  |9 13454 
702 1 |a Спицын  |b В. Г.  |c специалист в области информатики и вычислительной техники  |c профессор Томского политехнического университета, доктор технических наук  |f 1948-  |g Владимир Григорьевич  |4 727 
712 0 2 |a Национальный исследовательский Томский политехнический университет (ТПУ)  |b Институт кибернетики (ИК)  |b Кафедра вычислительной техники (ВТ)  |3 (RuTPU)RU\TPU\col\18699 
801 2 |a RU  |b 63413507  |c 20210310  |g RCR 
856 4 |u http://earchive.tpu.ru/handle/11683/20793 
856 4 |u http://www.lib.tpu.ru/fulltext/c/2014/C01/V2/083.pdf 
942 |c CF